000 00287nam a22001337a 4500
008 170524b xxu||||| |||| 00| 0 eng d
020 _a9027722137
041 _aeng
080 _a621
100 _a26
101 _aIM
245 _aCYBERNETICS AND SYSTEMS
_cTRAPPL,R
942 _2udc
_cBK
999 _c14104
_d14104